| 000 | 01108nmc a2200361 a 4500 | ||
|---|---|---|---|
| 003 | AR-BaBNM | ||
| 005 | 20251128210208.0 | ||
| 008 | 139019s1998 ||||||||||||||000 | spa|| | ||
| 020 | _a84-7133-682-0 | ||
| 040 | _cAR-BaBNM | ||
| 100 | 1 | _aGuillén Díaz, Carmen | |
| 245 | 1 | 0 | _aManual de autoformación para una didáctica de la lengua-cultura extranjera |
| 260 |
_aMadrid _bLa muralla _c1998 |
||
| 300 | 0 |
_a191 p. _btablas, diagr. |
|
| 490 | 0 | _aAula abierta | |
| 500 | 0 | _aContiene referencias bibliográficas al final de cada capítulo | |
| 500 | 0 | _aContiene glosario p. 151-158 | |
| 500 | 0 | _aContiene anexos y actividades p. 159-191 | |
| 650 | 4 | _aENSENANZA DE IDIOMAS | |
| 650 | 4 | _aAUTOAPRENDIZAJE | |
| 650 | 4 | _aPERFECCIONAMIENTO DEL DOCENTE | |
| 650 | 4 | _aMETODOS DE APRENDIZAJE | |
| 650 | 4 | _aMATERIAL DIDACTICO | |
| 650 | 4 | _aLINGUISTICA | |
| 650 | 4 | _aOBJETIVOS EDUCACIONALES | |
| 650 | 4 | _aEVALUACION | |
| 653 | 0 | _aCONTENIDOS CURRICULARES | |
| 653 | 0 | _aPRAGMATICA | |
| 700 | 1 | _aCastro Prieto, Paloma | |
| 800 | 1 | _aCasanova, María Antonia | |
| 942 | _cBK | ||
| 998 | _cRaquel | ||
| 999 |
_c14458 _d14458 |
||